[Event "6. Bayer Open"]
[Site "Leverkusen"]
[Date "2009.03.16"]
[Round "5"]
[White "Jiritschka, Wolfgang"]
[Black "Bigott, Martin"]
[Result "1/2-1/2"]
[WhiteElo "1847"]
[BlackElo "1683"]
[PlyCount "31"]
[EventDate "2009.??.??"]
[SourceDate "2009.01.13"]

1. c4 Nf6 2. Nc3 e6 3. Nf3 c6 4. d4 d5 5. Bg5 Be7 6. e3 Nbd7 7. Bd3 O-O 8. O-O
b6 9. Ne5 Bb7 10. f4 dxc4 11. Nxc4 Nd5 12. Bxe7 Qxe7 13. Qd2 c5 14. Nb5 Bc6 15.
Ne5 Nxe5 16. dxe5 1/2-1/2

[Event "6. Bayer Open"]
[Site "Leverkusen"]
[Date "2009.03.16"]
[Round "5"]
[White "Weinmann-Musset, Manfred"]
[Black "Skiber, Friedel"]
[Result "0-1"]
[WhiteElo "1893"]
[BlackElo "1564"]
[PlyCount "68"]
[EventDate "2009.??.??"]
[SourceDate "2009.01.13"]

1. d4 d5 2. c4 e6 3. Nc3 c5 4. Nf3 Nf6 5. Bg5 dxc4 6. e3 Nc6 7. Bxc4 a6 8. a4
cxd4 9. exd4 Be7 10. O-O O-O 11. Re1 b6 12. Rc1 Nb4 13. Qe2 Bb7 14. Bxe6 Bxf3
15. Bxf7+ Rxf7 16. Qxf3 Ra7 17. Qh3 Rf8 18. Qe6+ Kh8 19. Qc4 Rc7 20. Qe2 Nfd5
21. Nxd5 Rxc1 22. Nxe7 Rxe1+ 23. Qxe1 Qxd4 24. h4 Nd3 25. Qe3 Qc4 26. b3 Qc2
27. Qxb6 Nxf2 28. Kh2 Qe2 29. Qd4 Ng4+ 30. Kg3 Nf2 31. Kh2 Qf1 32. b4 Qh1+ 33.
Kg3 Qg1 34. Qc5 Ne4+ 0-1

[Event "6. Bayer Open"]
[Site "Leverkusen"]
[Date "2009.03.16"]
[Round "5"]
[White "Schillings, Peter"]
[Black "Sockel, Karl-Heinz"]
[Result "1/2-1/2"]
[WhiteElo "1836"]
[BlackElo "1932"]
[PlyCount "36"]
[EventDate "2009.??.??"]
[SourceDate "2009.01.13"]

1. e4 d5 2. exd5 Qxd5 3. Nc3 Qd8 4. Nf3 Nf6 5. Bc4 Bg4 6. Bxf7+ Kxf7 7. Ne5+
Kg8 8. Nxg4 Nc6 9. O-O e5 10. d3 h6 11. Be3 Bd6 12. Nxf6+ Qxf6 13. Ne4 Qg6 14.
f4 Rf8 15. Nxd6 Qxd6 16. Qg4 Kh7 17. a3 exf4 18. Rxf4 Qe5 1/2-1/2

[Event "6. Bayer Open"]
[Site "Leverkusen"]
[Date "2009.03.16"]
[Round "5"]
[White "Brinkmann, Sven"]
[Black "Kolleck, Wolf-Dietrich"]
[Result "1-0"]
[WhiteElo "1896"]
[BlackElo "1524"]
[PlyCount "69"]
[EventDate "2009.??.??"]
[SourceDate "2009.01.13"]

1. e4 e5 2. Nf3 d6 3. d4 exd4 4. Nxd4 Nf6 5. Nc3 Be7 6. Bc4 O-O 7. O-O Nxe4 8.
Nxe4 d5 9. Bd3 dxe4 10. Bxe4 Re8 11. Nf5 Bd6 12. Nxd6 cxd6 13. Qd3 g6 14. Bf4
Qe7 15. f3 Rd8 16. Rad1 d5 17. Bxd5 Be6 18. Qe4 Nc6 19. Bxe6 Qxe6 20. Qxe6 fxe6
21. Bg5 Rd5 22. Rxd5 exd5 23. Rd1 d4 24. Bf6 Re8 25. Kf2 Nb4 26. Rxd4 Nxc2 27.
Rd7 Re6 28. Bc3 Rb6 29. Rg7+ Kf8 30. Rxh7 Nb4 31. Bxb4+ Rxb4 32. b3 a5 33. g4
b6 34. Rb7 a4 35. bxa4 1-0

[Event "6. Bayer Open"]
[Site "Leverkusen"]
[Date "2009.03.16"]
[Round "5"]
[White "Balduan, Karl-Heinz"]
[Black "Böhm, Stefan"]
[Result "1-0"]
[WhiteElo "1464"]
[BlackElo "1976"]
[PlyCount "89"]
[EventDate "2009.??.??"]
[SourceDate "2009.01.13"]

1. d4 e6 2. c4 b6 3. e4 Bb7 4. Bd3 Bb4+ 5. Bd2 Nc6 6. Nf3 Bxd2+ 7. Qxd2 Nge7 8.
O-O Ng6 9. Qc3 Nf4 10. d5 Ne7 11. Qd2 Nxd3 12. Qxd3 O-O 13. Nc3 exd5 14. cxd5
d6 15. Nd4 Ng6 16. f4 Qh4 17. Nce2 Rfe8 18. Rf3 Qe7 19. Nc3 Bc8 20. Nc6 Qh4 21.
Raf1 a5 22. Qe3 Ba6 23. R1f2 Ne7 24. Nd4 Bb7 25. Rh3 Qg4 26. Qd3 Ng6 27. Qd2
Nh4 28. Rg3 Qh5 29. f5 h6 30. Rf4 g5 31. Rfg4 f6 32. Ne6 Re7 33. Nf4 Qe8 34.
Rxh4 Kh7 35. Nh5 Qf7 36. Rhh3 Rae8 37. Qd4 Rf8 38. Rg4 Re5 39. Nb5 Rc8 40. Qe3
Rce8 41. Nxc7 Rc8 42. Nb5 Qe7 43. Nxf6+ Qxf6 44. Rxg5 Rxe4 45. Rg6 1-0

[Event "6. Bayer Open"]
[Site "Leverkusen"]
[Date "2009.03.16"]
[Round "5"]
[White "Wulfken, Christof"]
[Black "van Kempen, Heinz"]
[Result "0-1"]
[WhiteElo "1893"]
[BlackElo "1707"]
[PlyCount "72"]
[EventDate "2009.??.??"]
[SourceDate "2009.01.13"]

1. d4 Nf6 2. Nf3 e6 3. c4 b6 4. Bg5 Be7 5. Nc3 Bb7 6. e3 O-O 7. Qc2 d5 8. cxd5
exd5 9. Bd3 h6 10. Bh4 Na6 11. a3 c5 12. b3 Rc8 13. Bf5 Rc7 14. Nb5 Ne4 15.
Nxc7 Bxh4 16. Nxh4 Qxh4 17. Bxe4 dxe4 18. Nb5 cxd4 19. Nxd4 Rc8 20. Qd2 Nc5 21.
O-O Nd3 22. Rfd1 Rc5 23. f4 exf3 24. Qxd3 f2+ 25. Kf1 Rg5 26. Ke2 Rxg2 27. Rf1
Be4 28. Qc3 Qxh2 29. Rac1 Rg1 30. Qc8+ Kh7 31. Qc7 Qg2 32. Qxf7 Rxf1 33. Rxf1
Bd3+ 34. Kxd3 Qxf1+ 35. Kc2 Qg2 36. Qf5+ Qg6 0-1

[Event "6. Bayer Open"]
[Site "Leverkusen"]
[Date "2009.03.16"]
[Round "5"]
[White "Wieland, Ingo"]
[Black "Scharff, Klaus"]
[Result "1-0"]
[WhiteElo "1725"]
[BlackElo "1863"]
[PlyCount "67"]
[EventDate "2009.??.??"]
[SourceDate "2009.01.13"]

1. e4 e6 2. d4 d5 3. Nd2 Nf6 4. e5 Nfd7 5. Bd3 c5 6. c3 Nc6 7. Ne2 b6 8. O-O
cxd4 9. cxd4 Nb4 10. Bb1 Ba6 11. Nf3 Be7 12. a3 Nc6 13. Be3 g5 14. h3 h5 15.
Re1 Na5 16. Qa4 Bxe2 17. Rxe2 g4 18. hxg4 hxg4 19. Nh2 b5 20. Qxb5 Nc4 21. Bd3
Nxe3 22. Rxe3 Bg5 23. Re2 Rb8 24. Qa4 Bc1 25. Nxg4 Qh4 26. f3 Bxb2 27. Rb1
Bxd4+ 28. Qxd4 Rxb1+ 29. Bxb1 Qh1+ 30. Kf2 Qxb1 31. Rb2 Qc1 32. Nf6+ Kd8 33.
Nxd7 Rh1 34. Rb8+ 1-0

[Event "6. Bayer Open"]
[Site "Leverkusen"]
[Date "2009.03.16"]
[Round "5"]
[White "Schmitz, Andreas"]
[Black "van Schyndel, Andreas"]
[Result "1-0"]
[WhiteElo "1892"]
[BlackElo "1672"]
[PlyCount "53"]
[EventDate "2009.??.??"]
[SourceDate "2009.01.13"]

1. Nf3 d5 2. d4 c6 3. e3 Nf6 4. c4 Bg4 5. Nbd2 e6 6. Be2 Bd6 7. a3 a5 8. b3 O-O
9. Bb2 Qe7 10. O-O Nbd7 11. Re1 Rfe8 12. c5 Bc7 13. b4 Ne4 14. h3 Bh5 15. Nxe4
dxe4 16. Nd2 Bxe2 17. Qxe2 f5 18. b5 Nf6 19. b6 Bb8 20. f4 h6 21. Kh2 a4 22.
Nc4 Kh7 23. Bc3 Rg8 24. Rg1 Nd5 25. Bd2 g5 26. g3 e5 27. fxe5 1-0

[Event "6. Bayer Open"]
[Site "Leverkusen"]
[Date "2009.03.16"]
[Round "5"]
[White "Jakobi, Reik"]
[Black "Friedsam, Manfred"]
[Result "1/2-1/2"]
[WhiteElo "1634"]
[BlackElo "1850"]
[PlyCount "56"]
[EventDate "2009.??.??"]
[SourceDate "2009.01.13"]

1. d4 e6 2. c4 d5 3. Nc3 c6 4. Nf3 dxc4 5. a4 Bb4 6. e3 b5 7. axb5 cxb5 8. Bd2
Bxc3 9. Bxc3 Nf6 10. b3 O-O 11. bxc4 bxc4 12. Bxc4 Bb7 13. O-O Qc7 14. Ne5 Nc6
15. Qa4 Nxe5 16. dxe5 Ne4 17. Bd4 {Weiß bietet Remis an.} Rfc8 18. Rfb1 Nd2 19.
Rxb7 Qxb7 20. Ba6 Qc7 21. Bxc8 Rxc8 22. f3 Qc2 23. Qxc2 Rxc2 24. Rxa7 g6 25.
Ra8+ Kg7 26. Rb8 Nc4 27. Rb7 h5 28. h4 Rc1+ 1/2-1/2

[Event "6. Bayer Open"]
[Site "Leverkusen"]
[Date "2009.03.16"]
[Round "5"]
[White "Birnkott, Manfred"]
[Black "van Hove, Ode"]
[Result "1-0"]
[WhiteElo "1906"]
[BlackElo "1308"]
[PlyCount "69"]
[EventDate "2009.??.??"]
[SourceDate "2009.01.13"]

1. e4 e5 2. f4 d5 3. exd5 e4 4. d3 Nf6 5. dxe4 Nxe4 6. Nf3 Bc5 7. Qe2 Bf2+ 8.
Kd1 Qxd5+ 9. Nfd2 O-O 10. Qxe4 Bg4+ 11. Be2 Bxe2+ 12. Qxe2 Bh4 13. Nc3 Qd7 14.
g3 Be7 15. Nce4 Nc6 16. c3 Rad8 17. Kc2 a5 18. Nb1 a4 19. Rd1 Qe6 20. Rxd8 Rxd8
21. Qf3 Qc4 22. Nbd2 Qb5 23. Qf1 Qf5 24. Qc4 h6 25. Qe2 b5 26. g4 Qd5 27. h3
Kf8 28. Ng3 b4 29. Qc4 Qd7 30. Nf5 Na5 31. Qd4 Qb5 32. Qxg7+ Ke8 33. Qh8+ Bf8
34. Qe5+ Qxe5 35. fxe5 1-0

[Event "6. Bayer Open"]
[Site "Leverkusen"]
[Date "2009.03.16"]
[Round "5"]
[White "Seelig, Jochen"]
[Black "Granz, Thomas"]
[Result "0-1"]
[WhiteElo "1392"]
[BlackElo "1651"]
[PlyCount "58"]
[EventDate "2009.??.??"]
[SourceDate "2009.01.13"]

1. Nf3 Nc6 2. b3 e5 3. Bb2 Bc5 4. Nxe5 Qf6 5. d4 Nxe5 6. dxc5 Nf3+ 7. gxf3 Qxb2
8. Nd2 Nf6 9. c4 O-O 10. e3 Rd8 11. Qc1 Qe5 12. b4 d5 13. cxd6 Rxd6 14. c5 Rd8
15. Nc4 Qf5 16. Nd2 Be6 17. Qb1 Qd5 18. Qc2 Qe5 19. Rd1 a5 20. a3 axb4 21. axb4
Ra2 22. Qc1 h6 23. f4 Qd5 24. Rg1 Qh5 25. Nf3 Rda8 26. Be2 Bg4 27. Rg3 Ne4 28.
Rxg4 Qxg4 29. Qb1 Nc3 0-1

[Event "6. Bayer Open"]
[Site "Leverkusen"]
[Date "2009.03.16"]
[Round "5"]
[White "Müller, Tim"]
[Black "Blomeyer, Peter"]
[Result "1/2-1/2"]
[WhiteElo "1609"]
[BlackElo "1882"]
[PlyCount "81"]
[EventDate "2009.??.??"]
[SourceDate "2009.01.13"]

1. d4 d6 2. c4 e5 3. dxe5 dxe5 4. Qxd8+ Kxd8 5. e4 Be6 6. Nf3 Nd7 7. Nc3 c6 8.
Be2 Kc7 9. Be3 f6 10. a3 a5 11. O-O Bc5 12. Bd2 Nh6 13. Na4 Be7 14. b4 axb4 15.
axb4 b6 16. b5 Nc5 17. Nxc5 Bxc5 18. bxc6 Nf7 19. Bc3 Kxc6 20. Nd2 g5 21. h3
Rhd8 22. Rfe1 Kb7 23. Reb1 Rxa1 24. Rxa1 Bd4 25. Nb1 Rc8 26. Bxd4 exd4 27. Nd2
Nd6 28. Rc1 Kc6 29. Nb3 Nxe4 30. Bf3 f5 31. Nxd4+ Kd6 32. Nxe6 Kxe6 33. Bxe4
fxe4 34. Rb1 Rc6 35. Rb5 h6 36. Kf1 Kd7 37. Ke2 Kc7 38. Rb4 Kd6 39. Rb5 Kc7 40.
Rb4 Re6 41. Rb5 1/2-1/2

[Event "6. Bayer Open"]
[Site "Leverkusen"]
[Date "2009.03.16"]
[Round "5"]
[White "Gnass, Arno"]
[Black "Runte, Dirk"]
[Result "1-0"]
[WhiteElo "1685"]
[BlackElo "1610"]
[PlyCount "57"]
[EventDate "2009.??.??"]
[SourceDate "2009.01.13"]

1. d4 Nf6 2. c4 g6 3. g3 d5 4. Bg2 c6 5. Nf3 Bg7 6. Qc2 Bf5 7. Qb3 Qc8 8. cxd5
cxd5 9. Nc3 Nc6 10. Nxd5 Nxd5 11. Qxd5 Be6 12. Qb5 a6 13. Qb6 O-O 14. O-O Rb8
15. Bf4 Qd7 16. Bxb8 Rxb8 17. e3 Bh3 18. Rfc1 Bxg2 19. Kxg2 Re8 20. Kg1 e5 21.
dxe5 Nxe5 22. Nxe5 Rxe5 23. Qc7 Qb5 24. Qb8+ Bf8 25. Rc8 Kg7 26. Rxf8 Qxb2 27.
Rf1 Rh5 28. Rg8+ Kh6 29. Qf4+ 1-0

[Event "6. Bayer Open"]
[Site "Leverkusen"]
[Date "2009.03.16"]
[Round "5"]
[White "Karwatzki, Hans-Jürgen"]
[Black "Buchfelder, Gerhard"]
[Result "1-0"]
[WhiteElo "1674"]
[BlackElo "1455"]
[PlyCount "83"]
[EventDate "2009.??.??"]
[SourceDate "2009.01.13"]

1. e4 e5 2. f4 Nc6 3. Nf3 exf4 4. d4 Nf6 5. e5 Nd5 6. Bc4 Nb6 7. Bb3 d5 8. Bxf4
Bg4 9. c3 Be7 10. O-O Qd7 11. Nbd2 g5 12. Be3 h6 13. Qe1 O-O-O 14. Bc2 Rdf8 15.
b4 f5 16. a4 f4 17. Bf2 Be6 18. a5 Nc4 19. Nxc4 dxc4 20. b5 Nd8 21. b6 a6 22.
bxc7 Kxc7 23. d5 Bxd5 24. Bb6+ Kb8 25. Rd1 Qc6 26. Ba4 Qxa4 27. Rxd5 Ne6 28.
Qd2 Qc6 29. Rd6 Bxd6 30. exd6 Rf5 31. Rd1 Qd7 32. Nd4 Nxd4 33. Qxd4 Rc8 34.
Bc7+ Ka8 35. Re1 Rf7 36. Qxc4 Rxc7 37. dxc7 Qxc7 38. Re8+ Ka7 39. Qd4+ b6 40.
axb6+ Qxb6 41. Ra8+ Kb7 42. Rb8+ 1-0

[Event "6. Bayer Open"]
[Site "Leverkusen"]
[Date "2009.03.16"]
[Round "5"]
[White "Neumann, Thomas"]
[Black "Bosbach, Jens"]
[Result "0-1"]
[WhiteElo "1567"]
[BlackElo "1844"]
[PlyCount "110"]
[EventDate "2009.??.??"]
[SourceDate "2009.01.13"]

1. e4 e6 2. d4 d5 3. Nc3 Nf6 4. Bg5 Be7 5. Bxf6 Bxf6 6. Nf3 O-O 7. Bb5 a6 8.
Bd3 Nd7 9. e5 Be7 10. Ne2 c5 11. c3 b5 12. O-O Qc7 13. Ng3 f6 14. exf6 Bxf6 15.
Bc2 g6 16. Re1 Nb6 17. Ne5 Nc4 18. Nxc4 bxc4 19. dxc5 Qxc5 20. Re2 Ra7 21. Kh1
Raf7 22. f3 a5 23. Qd2 Bd7 24. Rd1 a4 25. a3 Rb8 26. Rb1 Qc7 27. Qd1 {
Weiß bietet Remis an.} Qa5 28. Qd2 Bg7 29. Nf1 Bc8 30. Ne3 Rfb7 31. Nd1 Bd7 32.
Qe3 Qc7 33. Qd2 Bf8 34. Qg5 Qd8 35. Qe5 Qe8 36. Ra1 Bg7 37. Qe3 Qf8 38. Qd2 Bh6
39. Qd4 Bf4 40. Rb1 Qh6 41. h3 Bc1 42. Qe5 Bf4 43. Qd4 Rb6 44. Qc5 Bd6 45. Qa5
Qf4 46. Kg1 Bb5 47. Qa7 Bc5+ 48. Kh1 Qd6 49. Bxa4 Ra6 50. Qxb8+ Qxb8 51. Bc2
Qf4 52. a4 Bxa4 53. Bxa4 Rxa4 54. Rxe6 Qf5 55. Re8+ Kf7 0-1

[Event "6. Bayer Open"]
[Site "Leverkusen"]
[Date "2009.03.16"]
[Round "5"]
[White "Domnick, Michael"]
[Black "Liebsch, Felix"]
[Result "1-0"]
[WhiteElo "1740"]
[BlackElo "1233"]
[PlyCount "45"]
[EventDate "2009.??.??"]
[SourceDate "2009.01.13"]

1. e4 d5 2. exd5 Qxd5 3. Nc3 Qa5 4. Bc4 Nf6 5. Nge2 c6 6. d4 Bf5 7. Bf4 Nbd7 8.
O-O O-O-O 9. a3 e5 10. b4 Qc7 11. Bg3 Nh5 12. Bxf7 Nxg3 13. Nxg3 exd4 14. Nxf5
dxc3 15. Be6 g6 16. Qd4 Re8 17. Qxh8 Rxe6 18. Rfe1 Rxe1+ 19. Rxe1 b6 20. Nd4
Kb7 21. Ne6 Qb8 22. Qxh7 Kc8 23. Nxf8 1-0

[Event "6. Bayer Open"]
[Site "Leverkusen"]
[Date "2009.03.16"]
[Round "5"]
[White "Arnold, Bodo"]
[Black "Schmidt, Werner"]
[Result "1-0"]
[WhiteElo "1705"]
[BlackElo "1435"]
[PlyCount "71"]
[EventDate "2009.??.??"]
[SourceDate "2009.01.13"]

1. e4 c5 2. Nc3 e5 3. Nf3 d6 4. Bc4 Nc6 5. a3 Bg4 6. h3 Bh5 7. g4 Bg6 8. d3 h6
9. Bd2 Be7 10. Qe2 a6 11. O-O-O Rc8 12. h4 h5 13. g5 f5 14. gxf6 Bxf6 15. Rdg1
Bf7 16. Nd5 Nd4 17. Nxd4 cxd4 18. f4 Bxd5 19. Bxd5 Qc7 20. Bb3 Ne7 21. fxe5
dxe5 22. Bg5 Qd6 23. Qf3 Rc6 24. Rf1 Kd7 25. Bxf6 gxf6 26. Rhg1 Rh7 27. Rg2 Kc7
28. Rfg1 Rb6 29. Rg7 Rxg7 30. Rxg7 Rxb3 31. cxb3 Kb6 32. Rf7 Ng8 33. Qxh5 Qe6
34. Qh7 Nh6 35. Rxb7+ Ka5 36. Qc7+ 1-0

[Event "6. Bayer Open"]
[Site "Leverkusen"]
[Date "2009.03.16"]
[Round "5"]
[White "von Oppenkowski, Roman"]
[Black "Ohst, Thomas"]
[Result "1/2-1/2"]
[WhiteElo "1365"]
[BlackElo "1684"]
[PlyCount "76"]
[EventDate "2009.??.??"]
[SourceDate "2009.01.13"]

1. e4 c5 2. Nf3 a6 3. Nc3 d6 4. a3 Nc6 5. Bc4 Nf6 6. d4 cxd4 7. Nxd4 e6 8. Bg5
Be7 9. f3 O-O 10. Qd2 Qc7 11. O-O-O Rb8 12. Ba2 Rd8 13. Qe3 b5 14. Nce2 Ne5 15.
h3 Bb7 16. Kb1 Nc4 17. Bxc4 bxc4 18. Nc3 Ba8 19. Ka2 Qb6 20. Rb1 h6 21. Bh4 Qa5
22. Rhd1 d5 23. exd5 Bxa3 24. bxa3 Bxd5 25. Bxf6 gxf6 26. Nxd5 Qxd5 27. c3 Kg7
28. Qf4 Rbc8 29. Qe3 Qa5 30. Rb7 Kg6 31. Rc1 Qd5 32. Qe4+ Qxe4 33. fxe4 e5 34.
Nf3 Rd3 35. Rb6 Kg7 36. Rxa6 Re3 37. Nd2 Re2 38. Kb1 Rxd2 1/2-1/2

[Event "6. Bayer Open"]
[Site "Leverkusen"]
[Date "2009.03.16"]
[Round "5"]
[White "Reiter, Ute"]
[Black "van Kempen, Susanne"]
[Result "0-1"]
[WhiteElo "1145"]
[BlackElo "1612"]
[PlyCount "52"]
[EventDate "2009.??.??"]
[SourceDate "2009.01.13"]

1. e4 e5 2. Nf3 Nc6 3. Bc4 Bc5 4. O-O Nf6 5. Re1 O-O 6. c3 d6 7. d4 exd4 8.
cxd4 Bb4 9. Nc3 Bg4 10. d5 Ne5 11. Qb3 Bxc3 12. Nxe5 Bxe1 13. Nxg4 Nxg4 14. Be3
Nxe3 15. Qxe3 Ba5 16. Bd3 Qf6 17. Qh3 Bb6 18. e5 Qxf2+ 19. Kh1 g6 20. Rf1 Qe3
21. e6 Qxh3 22. gxh3 fxe6 23. Re1 exd5 24. Bb5 c6 25. Bd3 Rae8 26. Rg1 Bxg1 0-1

[Event "6. Bayer Open"]
[Site "Leverkusen"]
[Date "2009.03.16"]
[Round "5"]
[White "Mummel, Christian"]
[Black "Fröhling, Ewald"]
[Result "0-1"]
[WhiteElo "1793"]
[BlackElo "1607"]
[PlyCount "55"]
[EventDate "2009.??.??"]
[SourceDate "2009.01.13"]

1. Nf3 d5 2. c4 d4 3. e3 dxe3 4. fxe3 Nf6 5. Be2 e6 6. O-O Bd6 7. d4 b6 8. Nc3
c6 9. e4 Be7 10. Bg5 O-O 11. e5 Ne8 12. Bxe7 Qxe7 13. Bd3 Nc7 14. Qc2 h6 15.
Rae1 Bb7 16. Ne4 c5 17. dxc5 bxc5 18. Nd6 Bxf3 19. Rxf3 Nc6 20. Rg3 Kh8 21. Be4
Nd4 22. Qd2 Rab8 23. Rh3 f6 24. Rxh6+ gxh6 25. Qxh6+ Kg8 26. Re3 Qg7 27. Qh5
Rxb2 28. Bd3 0-1

[Event "6. Bayer Open"]
[Site "Leverkusen"]
[Date "2009.03.16"]
[Round "5"]
[White "Hoeper, Heinz-Joachim"]
[Black "Remmler, Dirk"]
[Result "0-1"]
[WhiteElo "1402"]
[BlackElo "1747"]
[PlyCount "106"]
[EventDate "2009.??.??"]
[SourceDate "2009.01.13"]

1. d4 d5 2. e4 dxe4 3. Nc3 Nf6 4. f3 exf3 5. Qxf3 c6 6. Be2 Be6 7. Be3 Nbd7 8.
h3 Nb6 9. b3 Nbd5 10. Bd2 Nxc3 11. Bxc3 a5 12. a4 h5 13. Bd3 Bd5 14. Qe2 h4 15.
Nf3 Nh5 16. Rg1 Nf4 17. Qd1 Qd6 18. Qd2 Nxd3+ 19. Qxd3 Qg3+ 20. Kf1 e6 21. Be1
Qf4 22. Bd2 Qe4 23. Ne5 Rh5 24. Re1 Rf5+ 25. Nf3 Qxd3+ 26. cxd3 Bxf3 27. gxf3
Rxf3+ 28. Ke2 Rxh3 29. Rh1 Rxh1 30. Rxh1 Be7 31. Bf4 Rd8 32. Be5 f6 33. Bc7
Rxd4 34. Bxa5 Rg4 35. Bc7 Bc5 36. Kf3 Rd4 37. Ke2 Kd7 38. Bb8 g5 39. Bh2 Rb4
40. Rb1 Rd4 41. Rc1 Rd5 42. Rc4 Rf5 43. d4 Bd6 44. Bg1 h3 45. Rc1 g4 46. b4 g3
47. b5 cxb5 48. axb5 h2 49. Be3 g2 50. d5 Rxd5 51. b6 h1=Q 52. Bg1 Qh5+ 53. Kf2
Rd2+ 0-1

[Event "6. Bayer Open"]
[Site "Leverkusen"]
[Date "2009.03.16"]
[Round "5"]
[White "Gülden, Ralf"]
[Black "Azimi, Reza"]
[Result "1-0"]
[WhiteElo "1636"]
[BlackElo "1437"]
[PlyCount "81"]
[EventDate "2009.??.??"]
[SourceDate "2009.01.13"]

1. d4 d5 2. c4 e6 3. Nc3 c6 4. cxd5 cxd5 5. Nf3 Nc6 6. e3 a6 7. a3 Nf6 8. Bd3
b5 9. b4 Bb7 10. O-O Bd6 11. Bb2 Ng4 12. h3 h5 13. Rc1 Qb8 14. e4 Nh2 15. Nxh2
Bxh2+ 16. Kh1 Bc7 17. exd5 Nxd4 18. Be4 e5 19. Ne2 Nxe2 20. Qxe2 Qd8 21. Rfd1
Qd6 22. Bf3 g6 23. Rxc7 Qxc7 24. Bxe5 Qe7 25. Bxh8 Qxe2 26. Bxe2 Kd7 27. Bf6
Rc8 28. Bf3 Rc2 29. Bd4 Ra2 30. Rd3 Kd6 31. Bc5+ Kd7 32. h4 Rc2 33. g3 a5 34.
Kg2 axb4 35. axb4 Rc4 36. d6 Bxf3+ 37. Rxf3 f5 38. Re3 Re4 39. Rxe4 fxe4 40.
Kf1 Ke6 41. Ke2 1-0

[Event "6. Bayer Open"]
[Site "Leverkusen"]
[Date "2009.03.16"]
[Round "5"]
[White "Hingst, Dieter Max Otto"]
[Black "Hummelsheim, Hans"]
[Result "0-1"]
[WhiteElo "1005"]
[BlackElo "1013"]
[PlyCount "62"]
[EventDate "2009.??.??"]
[SourceDate "2009.01.13"]

1. e4 e5 2. Nf3 d6 3. Nc3 c6 4. d3 h6 5. d4 Nd7 6. d5 Ndf6 7. dxc6 bxc6 8. h3
Qa5 9. Bd2 Qb6 10. Qb1 Ne7 11. b4 Ng6 12. g3 d5 13. Na4 Qb7 14. b5 Rb8 15. Nc3
d4 16. bxc6 Qxb1+ 17. Rxb1 Rxb1+ 18. Nxb1 a6 19. Ba5 Nxe4 20. Bd3 Ng5 21. Nh4
Nxh4 22. gxh4 Nf3+ 23. Ke2 Nxh4 24. Na3 Bxa3 25. Rb1 O-O 26. Rb3 Bd6 27. Bb4
Bxb4 28. Rxb4 Nf5 29. Ra4 Ne7 30. c7 Nd5 31. Bxa6 Nc3+ 0-1

[Event "6. Bayer Open"]
[Site "Leverkusen"]
[Date "2009.04.06"]
[Round "6"]
[White "Balduan, Markus"]
[Black "Khanukov, Boris"]
[Result "1/2-1/2"]
[WhiteElo "2290"]
[BlackElo "2361"]
[PlyCount "35"]
[EventDate "2009.??.??"]
[SourceDate "2009.01.13"]

1. c4 Nf6 2. Nc3 e6 3. Nf3 d5 4. d4 Be7 5. Bg5 O-O 6. e3 h6 7. Bh4 b6 8. cxd5
Nxd5 9. Bxe7 Qxe7 10. Nxd5 exd5 11. Rc1 Be6 12. Qa4 c5 13. Qa3 Rc8 14. Be2 Qf8
15. dxc5 bxc5 16. O-O a5 17. Rfd1 Nd7 18. Nd2 1/2-1/2

[Event "6. Bayer Open"]
[Site "Leverkusen"]
[Date "2009.04.06"]
[Round "6"]
[White "Rotstein, Jefim"]
[Black "Reinemer, Frank"]
[Result "1-0"]
[WhiteElo "2279"]
[BlackElo "2151"]
[PlyCount "71"]
[EventDate "2009.??.??"]
[SourceDate "2009.01.13"]

1. f4 d5 2. Nf3 c5 3. e3 Nf6 4. c3 Nc6 5. d4 e6 6. Bd3 Bd6 7. O-O Bd7 8. Ne5
Qe7 9. Nd2 O-O-O 10. b3 Ne8 11. Bb2 f6 12. Nxd7 Rxd7 13. Qe2 Kb8 14. dxc5 Bxc5
15. b4 Bb6 16. a4 a5 17. Ba3 axb4 18. cxb4 Nxb4 19. Nb3 d4 20. Bb5 Rc7 21. Bxe8
Rc3 22. Nxd4 Rxe8 23. Qb5 Bc5 24. Rfb1 Rxe3 25. Bxb4 Bxd4 26. Kh1 Qf7 27. Bd6+
Ka8 28. Qa5+ Ba7 29. Bc5 b6 30. Rxb6 Rd3 31. Ra6 Rd7 32. Rb1 Rc8 33. Qb4 Rb7
34. Rxa7+ Rxa7 35. Bxa7 Qxa7 36. Qe4+ 1-0

[Event "6. Bayer Open"]
[Site "Leverkusen"]
[Date "2009.04.06"]
[Round "6"]
[White "Wolfradt, Dirk"]
[Black "Auer, Martin"]
[Result "0-1"]
[WhiteElo "2078"]
[BlackElo "2242"]
[PlyCount "73"]
[EventDate "2009.??.??"]
[SourceDate "2009.01.13"]

1. d4 f5 2. e4 fxe4 3. Nc3 Nf6 4. g4 h6 5. h4 d5 6. Bh3 g5 7. hxg5 hxg5 8. Bxg5
Bxg4 9. f3 exf3 10. Qd3 Qd6 11. O-O-O Nbd7 12. Nb5 Qb6 13. Bxg4 Rxh1 14. Bxf3
Rh8 15. Qg6+ Kd8 16. Nc3 Ne4 17. Bxe4 Qxg6 18. Bxg6 Rg8 19. Nxd5 Rxg6 20. Nf3
Bh6 21. Rh1 c6 22. Nf4 Bxg5 23. Nxg5 Rg8 24. Nge6+ Kc8 25. Ng6 Kb8 26. Nxe7 Re8
27. Rh7 a5 28. Rf7 a4 29. a3 Ra5 30. c4 Rh5 31. Ng7 Rh1+ 32. Kd2 Rf8 33. Nxc6+
bxc6 34. Rxd7 Rf3 35. Rd8+ Kb7 36. Ne6 Rh2+ 37. Ke1 0-1

[Event "6. Bayer Open"]
[Site "Leverkusen"]
[Date "2009.04.06"]
[Round "6"]
[White "Kniest, Oliver"]
[Black "Peschel, Andreas"]
[Result "1/2-1/2"]
[WhiteElo "2213"]
[BlackElo "2084"]
[PlyCount "80"]
[EventDate "2009.??.??"]
[SourceDate "2009.01.13"]

1. d4 Nf6 2. c4 c5 3. d5 b5 4. cxb5 a6 5. bxa6 Bxa6 6. Nc3 d6 7. e4 Bxf1 8.
Kxf1 g6 9. Nf3 Nbd7 10. g3 Bg7 11. Kg2 O-O 12. h3 Qb6 13. Re1 Rfb8 14. Re2 Ne8
15. Rc2 Nc7 16. Bg5 h6 17. Be3 Nb5 18. Ne2 Kh7 19. a4 Nc7 20. Bd2 Qa6 21. Bc3
Bxc3 22. Nxc3 Rb4 23. Rb1 Rab8 24. Re2 Qb7 25. Na2 Rb6 26. Qc2 Qa6 27. Re3 Qb7
28. b3 e6 29. dxe6 Nxe6 30. Qc4 Nf6 31. Kh2 d5 32. exd5 Nxd5 33. Re4 Rxb3 34.
Rxb3 Qxb3 35. Nd2 Qb7 36. Re1 Rd8 37. Ne4 Qb2 38. Nac3 Nxc3 39. Qxc3 Qxc3 40.
Nxc3 Ra8 1/2-1/2

[Event "6. Bayer Open"]
[Site "Leverkusen"]
[Date "2009.04.06"]
[Round "6"]
[White "Krauth, Alexander"]
[Black "Balduan, Karl-Heinz"]
[Result "1-0"]
[WhiteElo "2132"]
[BlackElo "1464"]
[PlyCount "63"]
[EventDate "2009.??.??"]
[SourceDate "2009.01.13"]

1. e4 e5 2. Bc4 Bc5 3. Ne2 d6 4. c3 Nc6 5. b4 Bb6 6. a4 a5 7. b5 Nb8 8. Qb3 Nh6
9. d4 f6 10. dxe5 dxe5 11. h3 Qe7 12. Ba3 Bc5 13. Bxc5 Qxc5 14. Nd2 g5 15. g4
b6 16. Bd5 Ra7 17. Nf1 Bd7 18. Ne3 c6 19. bxc6 Nxc6 20. O-O Rf8 21. Rab1 Rb7
22. Nc1 Rb8 23. Nd3 Qd6 24. Rfd1 Qc7 25. Nb2 Ne7 26. Nbc4 b5 27. axb5 Nc8 28.
b6 Qc5 29. b7 Ne7 30. Nb6 Nxd5 31. Rxd5 a4 32. Nxd7 1-0

[Event "6. Bayer Open"]
[Site "Leverkusen"]
[Date "2009.04.06"]
[Round "6"]
[White "Skiber, Friedel"]
[Black "Brinkmann, Sven"]
[Result "0-1"]
[WhiteElo "1564"]
[BlackElo "1896"]
[PlyCount "44"]
[EventDate "2009.??.??"]
[SourceDate "2009.01.13"]

1. d4 Nf6 2. c4 e6 3. Nf3 d5 4. g3 Nbd7 5. Bg2 c6 6. O-O Bd6 7. Qc2 O-O 8. Nc3
Re8 9. b3 b6 10. e4 dxe4 11. Nxe4 Nxe4 12. Qxe4 Bb7 13. Rd1 Qc7 14. Bb2 c5 15.
Qd3 Rad8 16. Rd2 Nf6 17. Re1 cxd4 18. Bxd4 Bb4 19. Red1 Bxd2 20. Qxd2 Bxf3 21.
Bxf3 e5 22. Bxe5 Rxd2 0-1